000 00346 a2200157 4500
001 190172
020 _a978-84-9713-073-8
040 _cMagnum
100 _aOrtiz, Victoria
240 1 0 _aEn piragua por el sella
_lESP
245 1 0 _aEn piragua por el sella
300 _a40
362 0 _a2008
697 _aLITERATURA ESPANHOLA
942 _cBK
999 _c190172
_d190172